[Event "CAN-ch U14"]
[Site "Sault Ste Marie"]
[Date "2017.07.07"]
[Round "3.48"]
[White "Grant, Nicholas"]
[Black "Renard, Christopher"]
[Result "0-1"]
[WhiteElo "550"]
[BlackElo "908"]
[PlyCount "126"]
[EventDate "2017.07.06"]
[EventType "swiss"]
[EventRounds "7"]
[EventCountry "CAN"]
[SourceTitle "EXT 2022"]
[Source "ChessBase"]
[SourceDate "2021.10.06"]
[SourceVersion "1"]
[SourceVersionDate "2021.10.06"]
[SourceQuality "1"]

1. e4 e5 2. Nf3 Nc6 3. Bc4 Bc5 4. d3 h6 5. Nc3 Nf6 6. Qe2 Bd4 7. Be3 Bxe3 8. Qxe3 Nb4 9. Bb3 d6 10. a3 Nc6 11. d4 Bg4 12. dxe5 dxe5 13. Ba4 Bxf3 14. Qxf3 0-0 15. Qg3 Qd6 16. Qd3 Rad8 17. 0-0-0 Rd7 18. Qxd6 Rxd6 19. Rxd6 cxd6 20. Nd5 Nxd5 21. exd5 Ne7 22. Rd1 f5 23. g3 f4 24. Bb3 fxg3 25. fxg3 Rf2 26. Kb1 Rxh2 27. Rf1 Rg2 28. Rf3 b5 29. c4 a6 30. cxb5 axb5 31. Bc2 Nxd5 32. Bb3 Rd2 33. Rc3 Kh7 34. Kc1 Nxc3 35. Kxd2 Ne4+ 36. Kc2 Nxg3 37. Kc3 Ne4+ 38. Kb4 g5 39. Bc2 d5 40. Kxb5 Kg7 41. a4 g4 42. Bd1 g3 43. Bf3 h5 44. a5 h4 45. a6 h3 46. a7 Nd6+ 47. Kb6 Nc8+ 48. Kb7 Nxa7 49. Kxa7 e4 50. Bg4 h2 51. b4 g2 52. b5 h1Q 53. b6 g1Q 54. Kb8 e3 55. b7 d4 56. Ka7 Qxb7+ 57. Kxb7 Qxg4 58. Kb6 d3 59. Kb5 d2 60. Kc5 d1Q 61. Kc6 Qgd7+ 62. Kb6 Qb1+ 63. Ka5 Qdb5# 0-1